[Event "Costa Viola op 3rd"]
[Site "St Eufemia d'Aspromonte"]
[Date "2010.01.03"]
[Round "3"]
[White "Gregori, Giacomo"]
[Black "Arcidiaco, Francesco"]
[Result "1-0"]
[WhiteElo "1794"]
[BlackElo "1608"]
[PlyCount "53"]
[EventDate "2010.01.02"]
[EventType "swiss"]
[EventRounds "7"]
[EventCountry "ITA"]
[SourceTitle "EXT 2011"]
[Source "ChessBase"]
[SourceDate "2010.11.26"]
[SourceVersion "1"]
[SourceVersionDate "2010.11.26"]
[SourceQuality "1"]

1. d4 d5 2. Bf4 Nf6 3. e3 Nc6 4. Nf3 a6 5. Nbd2 Bf5 6. c4 e6 7. Qb3 Bb4 8. a3 Bxd2+ 9. Nxd2 Rb8 10. Rc1 0-0 11. Be2 Ne8 12. 0-0 f6 13. cxd5 exd5 14. Rc5 Be6 15. Bf3 Ne7 16. Rfc1 Nc6 17. Bxd5 Bxd5 18. Rxd5 Qxd5 19. Qxd5+ Kh8 20. Qc5 Kg8 21. d5 Nd8 22. Bxc7 Rc8 23. d6 Ne6 24. Qd5 Kf7 25. f4 g6 26. Nf3 N8xc7 27. Rxc7+ 1-0

[Event "Bagnara Calabra op-B"]
[Site "Bagnara Calabra"]
[Date "2009.01.04"]
[Round "4"]
[White "Arcidiaco, Francesco"]
[Black "Russo, Arianna"]
[Result "0-1"]
[WhiteElo "1593"]
[BlackElo "1647"]
[PlyCount "56"]
[EventDate "2009.01.02"]
[EventType "swiss"]
[EventRounds "7"]
[EventCountry "ITA"]
[SourceTitle "CBM 128 Extra"]
[Source "ChessBase"]
[SourceDate "2009.03.05"]
[SourceVersion "2"]
[SourceVersionDate "2009.03.25"]
[SourceQuality "1"]

1. e4 e6 2. d4 d5 3. Nc3 Nf6 4. e5 Nfd7 5. Nf3 c5 6. Be3 Nc6 7. Rb1 Be7 8. Bd3 cxd4 9. Bxd4 Nxd4 10. Nxd4 Nxe5 11. Bb5+ Bd7 12. 0-0 0-0 13. Be2 a6 14. Re1 Bc5 15. Nb3 Bd6 16. Ne4 Bc7 17. Nec5 Bc6 18. Nd3 Nc4 19. Nd4 Qd6 20. Nf3 e5 21. Ndxe5 Nxe5 22. g3 Nxf3+ 23. Bxf3 Rfe8 24. Rf1 Re5 25. Qd4 Qf6 26. Bg2 Rd8 27. Rbd1 Bb5 28. f4 Bb6 0-1

[Event "Bagnara Calabra op-B"]
[Site "Bagnara Calabra"]
[Date "2009.01.04"]
[Round "3"]
[White "Fico, Tommaso"]
[Black "Arcidiaco, Francesco"]
[Result "0-1"]
[WhiteElo "1583"]
[BlackElo "1593"]
[PlyCount "60"]
[EventDate "2009.01.02"]
[EventType "swiss"]
[EventRounds "7"]
[EventCountry "ITA"]
[SourceTitle "CBM 128 Extra"]
[Source "ChessBase"]
[SourceDate "2009.03.05"]
[SourceVersion "2"]
[SourceVersionDate "2009.03.25"]
[SourceQuality "1"]

1. e4 c5 2. d4 cxd4 3. c3 dxc3 4. Nxc3 e5 5. Bc4 Nf6 6. Nf3 Be7 7. Nxe5 0-0 8. Qb3 Qe8 9. 0-0 a6 10. Bg5 Nc6 11. Nxc6 dxc6 12. Rae1 b5 13. Bd3 Be6 14. Qc2 h6 15. Bc1 Rd8 16. f4 Rxd3 17. Qxd3 Bc4 18. Qf3 Bxf1 19. Kxf1 b4 20. e5 Nd7 21. Ne4 Qc8 22. Ng3 Bh4 23. Rd1 Bxg3 24. Qxg3 Nb6 25. Qf3 Nd5 26. Be3 Qf5 27. g3 Rd8 28. g4 Nxe3+ 29. Qxe3 Rxd1+ 30. Ke2 Qxg4+ 0-1

[Event "Bagnara Calabra op-B"]
[Site "Bagnara Calabra"]
[Date "2008.01.05"]
[Round "5"]
[White "Arcidiaco, Francesco"]
[Black "Musico, Guglielmo"]
[Result "1/2-1/2"]
[WhiteElo "1575"]
[BlackElo "1548"]
[PlyCount "42"]
[EventDate "2008.01.02"]
[EventType "swiss"]
[EventRounds "7"]
[EventCountry "ITA"]
[SourceTitle "EXT 2009"]
[Source "ChessBase"]
[SourceDate "2008.11.26"]
[SourceVersion "1"]
[SourceVersionDate "2008.11.26"]
[SourceQuality "1"]

1. e4 g6 2. d4 Bg7 3. Nf3 d6 4. Bc4 Nf6 5. Nc3 0-0 6. 0-0 e5 7. dxe5 dxe5 8. Qxd8 Rxd8 9. Bg5 Bg4 10. Nxe5 Be6 11. Bxe6 fxe6 12. Bxf6 Bxf6 13. f4 Rd2 14. Rac1 Bxe5 15. fxe5 Nc6 16. Rf6 Rf8 17. Rxf8+ Kxf8 18. Nb5 Re2 19. Kf1 Rxe4 20. Re1 Rxe1+ 21. Kxe1 Nxe5 1/2-1/2

[Event "Locri op 1st"]
[Site "Locri"]
[Date "2007.11.04"]
[Round "7"]
[White "Zavaglia, Giuseppe"]
[Black "Arcidiaco, Francesco"]
[Result "1-0"]
[WhiteElo "1904"]
[BlackElo "1542"]
[PlyCount "83"]
[EventDate "2007.11.01"]
[EventType "swiss"]
[EventRounds "7"]
[EventCountry "ITA"]
[SourceTitle "EXT 2010"]
[Source "ChessBase"]
[SourceDate "2010.11.25"]
[SourceVersion "1"]
[SourceVersionDate "2010.11.25"]
[SourceQuality "1"]

1. d4 Nf6 2. Nf3 d5 3. Bg5 Ne4 4. Bf4 c6 5. c3 Qb6 6. Qc1 Nd7 7. Nbd2 Ndf6 8. e3 Bg4 9. Be2 Nxd2 10. Qxd2 Ne4 11. Qc2 Bf5 12. Bd3 e6 13. 0-0 Be7 14. c4 0-0 15. c5 Qd8 16. b4 g5 17. Bg3 Nxg3 18. hxg3 Bxd3 19. Qxd3 f5 20. Ne5 Bf6 21. f4 Bxe5 22. fxe5 g4 23. Kf2 Qg5 24. Rh1 Rf7 25. Raf1 a5 26. b5 a4 27. bxc6 bxc6 28. Rb1 Qg7 29. Rb6 Rc7 30. Rhb1 Qd7 31. R1b4 Raa7 32. Qa3 Rcb7 33. Rxa4 Rxa4 34. Qxa4 Ra7 35. Qb3 Kf7 36. a4 Qc8 37. Qb4 Qa8 38. Rb8 Rxa4 39. Qb6 Ra2+ 40. Kg1 Qa5 41. Qb7+ Kg6 42. Rg8+ 1-0

[Event "Locri op 1st"]
[Site "Locri"]
[Date "2007.11.03"]
[Round "5"]
[White "Arcidiaco, Francesco"]
[Black "Familari, Giuseppe"]
[Result "1-0"]
[WhiteElo "1542"]
[BlackElo "1801"]
[PlyCount "87"]
[EventDate "2007.11.01"]
[EventType "swiss"]
[EventRounds "7"]
[EventCountry "ITA"]
[SourceTitle "EXT 2010"]
[Source "ChessBase"]
[SourceDate "2010.11.25"]
[SourceVersion "1"]
[SourceVersionDate "2010.11.25"]
[SourceQuality "1"]

1. Nf3 d6 2. d4 g6 3. g3 Bg7 4. c3 b6 5. Bg2 Bb7 6. 0-0 e6 7. Bg5 Ne7 8. Qd2 h6 9. Bf4 g5 10. Be3 Nd7 11. a4 a6 12. Na3 Nf6 13. Qc2 0-0 14. c4 c5 15. dxc5 bxc5 16. Rfd1 Qc7 17. Nb1 Nc6 18. Bd2 Rab8 19. Bc3 Ba8 20. Nbd2 Nb4 21. Bxb4 Rxb4 22. Ra2 Rfb8 23. b3 Nd7 24. Qd3 g4 25. Ne1 Bxg2 26. Nxg2 Ne5 27. Qc2 Nc6 28. Qe4 Nd4 29. Qxg4 f5 30. Qh5 Nxb3 31. Nf4 Qe7 32. Qg6 Re8 33. Nxb3 Rxb3 34. Rad2 Rb6 35. Rxd6 Reb8 36. Rxe6 Qb7 37. Qxf5 Rb4 38. Nh5 Rf8 39. Qxc5 Qf7 40. Nxg7 Kxg7 41. Re7 Rb7 42. Rxf7+ Rbxf7 43. Qe5+ Kh7 44. f4 1-0

[Event "Locri op 1st"]
[Site "Locri"]
[Date "2007.11.02"]
[Round "3"]
[White "Arcidiaco, Francesco"]
[Black "Carabetta, Alfredo"]
[Result "1-0"]
[WhiteElo "1542"]
[BlackElo "1503"]
[PlyCount "141"]
[EventDate "2007.11.01"]
[EventType "swiss"]
[EventRounds "7"]
[EventCountry "ITA"]
[SourceTitle "EXT 2010"]
[Source "ChessBase"]
[SourceDate "2010.11.25"]
[SourceVersion "1"]
[SourceVersionDate "2010.11.25"]
[SourceQuality "1"]

1. Nf3 d5 2. d4 Nf6 3. e3 g6 4. Bd3 e6 5. 0-0 c5 6. dxc5 Bxc5 7. a3 Nc6 8. b4 Bd6 9. Bb2 0-0 10. b5 Na5 11. Qe2 e5 12. Nxe5 Bxe5 13. Bxe5 Re8 14. Bb2 b6 15. Nd2 Nb7 16. Qf3 Re6 17. Rfd1 Nc5 18. Be2 Bb7 19. Qh3 Rc8 20. Rac1 Nfe4 21. Nxe4 Rxe4 22. Qh6 Qf8 23. Qg5 d4 24. Bf3 Qe7 25. Qg3 Re6 26. Bxb7 Nxb7 27. Rxd4 Nd6 28. Rd5 Nc4 29. Ba1 Nxa3 30. Rh5 Rxc2 31. Rd1 Rc5 32. Rxc5 Qxc5 33. Rd8+ Qf8 34. Rxf8+ Kxf8 35. Qb8+ Re8 36. Qxa7 Nxb5 37. Qxb6 Ra8 38. Bf6 Rc8 39. g3 Nc7 40. Bd4 Ne6 41. Kg2 h6 42. Qd6+ Kg8 43. Bb2 Rd8 44. Qe5 Kf8 45. Qh8+ Ke7 46. Bf6+ Kd7 47. Bxd8 Nxd8 48. Qxh6 Ne6 49. Qh8 Ke7 50. h4 Nf8 51. h5 gxh5 52. Qxh5 Ng6 53. f4 Nf8 54. e4 Nd7 55. e5 Nc5 56. g4 Nd3 57. Kf3 Ne1+ 58. Ke2 Ng2 59. Qg5+ Ke8 60. f5 Kf8 61. f6 Ke8 62. Qg8+ Kd7 63. Qxf7+ Kc6 64. Qc4+ Kd7 65. f7 Ke7 66. e6 Nh4 67. Qc5+ Kxe6 68. f8Q Ng6 69. Qg8+ Kd7 70. Qxg6 Kd8 71. Qa7 1-0

[Event "Locri op 1st"]
[Site "Locri"]
[Date "2007.11.02"]
[Round "2"]
[White "Battaglia, Domenica"]
[Black "Arcidiaco, Francesco"]
[Result "0-1"]
[WhiteElo "1371"]
[BlackElo "1542"]
[PlyCount "146"]
[EventDate "2007.11.01"]
[EventType "swiss"]
[EventRounds "7"]
[EventCountry "ITA"]
[SourceTitle "EXT 2010"]
[Source "ChessBase"]
[SourceDate "2010.11.25"]
[SourceVersion "1"]
[SourceVersionDate "2010.11.25"]
[SourceQuality "1"]

1. e4 c5 2. Nf3 Nc6 3. Nc3 a6 4. Bc4 e6 5. a3 b5 6. Ba2 Bb7 7. d3 Rc8 8. Be3 d6 9. 0-0 Be7 10. Qd2 Bf6 11. Rad1 Qc7 12. g3 b4 13. axb4 cxb4 14. Na4 Ba8 15. Bc4 a5 16. Bb6 Qb7 17. Rfe1 Bxb2 18. Qg5 Bf6 19. Qb5 Ke7 20. Bxa5 Qxb5 21. Bxb5 Nxa5 22. Rc1 Bc3 23. Re2 Nh6 24. d4 Rb8 25. Bd3 g6 26. Rb1 Rhc8 27. Ng5 Bc6 28. Nxc3 bxc3 29. Ra1 Nb7 30. d5 Bd7 31. Ree1 Nc5 32. Bc4 Rb2 33. Rac1 Bb5 34. Bxb5 Rxb5 35. Re3 Na4 36. Ra1 Ra5 37. h4 Ng4 38. Rf3 Ne5 39. Rf4 h6 40. Nh7 Raa8 41. g4 Nc5 42. Rb1 Ra2 43. Rc1 Rb8 44. g5 h5 45. Rf6 Rh8 46. Rb1 Rxh7 47. dxe6 fxe6 48. f4 Ng4 49. Rxg6 Ne3 50. Re1 Nxc2 51. Re2 Nb4 52. Re3 c2 53. Rc3 Ra1+ 54. Kf2 c1Q 55. Rxc1 Rxc1 56. Rf6 Rf7 57. Rxf7+ Kxf7 58. e5 d5 59. Ke2 Rh1 60. f5 exf5 61. e6+ Nxe6 62. g6+ Kxg6 63. Ke3 d4+ 64. Kd2 Rxh4 65. Ke2 d3+ 66. Kd2 Re4 67. Kd1 h4 68. Kd2 h3 69. Kd1 h2 70. Kd2 Nc7 71. Kc3 h1Q 72. Kb3 Qg2 73. Kc3 Qc2# 0-1